00741cam a2200217 a 450000100060000000300080000600500170001400800390003103500190007003500110008904000330010004100110013308200220014410000540016624501310022026000310035130000210038250000560040350400410045965000230050026776BD-RjUL20211209051051.0140323s1972 rur b 000 0 eng a(BD-RjUL)26847 a387102 aLCbengcLCdANL:NRdBD-RjUL1 aengrus04a320.947bCHS 19721 aChkhikvadze, V. M.q(Viktor Mikhailovich),d1912-14aThe Soviet form of popular government /cPrincipal editor:bV. M. Chkhikvadze. [Translated from the Russian by James Riordan]. aMoscow :bProgress,c1972. a253 p. ;c21 cm. aTranslation of Sovety-organy narodovlastiia v SSSR. aIncludes bibliographical references. 0aSoviets (Councils)